<An> introduction to applied econometrics: a time series approach

Salvato in:
Dettagli Bibliografici
Autore principale: Patterson, Kerry
Natura: Libro
Lingua:inglese
Pubblicazione: Basingstoke Macmillan Press 2000
Soggetti:
Tags: Aggiungi Tag
Nessun Tag, puoi essere il primo ad aggiungerne!!

MARC

LEADER 00000nam$a2200000$$$4500
001 0021495
005 20221129101015.3
020 |a 0-333-80246-2 
041 0 |a eng 
044 |a GB 
245 1 0 |a <An> introduction to applied econometrics: a time series approach  |c Kerry Patterson 
264 1 |a Basingstoke  |b Macmillan Press  |c 2000 
300 |a xxvii, 795 s. 
610 2 0 |a ekonometria 
610 2 0 |a rady časové 
610 2 0 |a ekonómia 
610 2 0 |a modely regresné 
610 2 0 |a modely ekonometrické 
100 1 |a Patterson, Kerry